Joe Keery Filmography - Statistics

General Stats
  • This quiz has been taken 97 times
    31 since last reset
  • The average score is 6 of 25
Answer Stats
Type Year Name % Correct
Web Series 2016-2025 Stranger Things
100%
Film 2020 Spree
62%
Film 2021 Free Guy
58%
Film 2025 Cold Storage
38%
Commercial 2017 Domino's
38%
TV Show 2023-2024 Fargo
35%
Film 2024 Marmalade
27%
Film 2015 Henry Gamble's Birthday Party
23%
Commercial 2021 Taco Bell
23%
Music Video 2024 End of Beginning
19%
Documentary 2024 Pavements
19%
TV Show 2015 Chicago Fire
15%
Web Special 2020 Death to 2020
15%
Web Special 2021 Death to 2021
15%
Short Film 2019 How to Be Alone
15%
Film 2017 Molly's Game
15%
Film 2018 Slice
15%
Film 2018 After Everything
12%
TV Show 2015 Empire
12%
Film 2023 Finally Dawn
12%
Commercial 2014 Nintendo Amiibo
12%
Web Series 2019, 2021 No Activity
12%
TV Show 2015 Sirens
12%
Documentary Mini-Series 2025 The American Revolution
12%
Film 2016 The Charnel House
12%
No matching quizzes found
Score Distribution
Percent of People with Each Score
Percentile by Number Answered
Your Score History
You have not taken this quiz since the last reset